NMR Spectroscopy in Inorganic Chemistry

Guardado en:
Detalles Bibliográficos
Autor principal: Iggo, Jonathan A.
Formato: Libro
Lenguaje:inglés
Publicado: Oxford Oxford University Press 2004
Edición:1.vyd.
Colección:Oxford Chemistry Primers 83
Materias:
Acceso en línea:Ver en el OPAC
Etiquetas: Agregar Etiqueta
Sin Etiquetas, Sea el primero en etiquetar este registro!

MARC

LEADER 00000nam a2200000 a 4500
005 20260127134149.0
008 050120 2004 enk 000 0 eng d
020 |a 0198558902 
035 |a vtls001489521 
039 9 |a 200612131348  |b mschk04  |c 200612131348  |d mschk04  |c 200612131346  |d mschk04  |c 200502141029  |d mschk03  |y 200501201032  |z mschk03 
040 |a STUSCHK1  |b slo  |c STUSCHK1  |e AACR2 
080 |a 543.422.25 
100 1 |a Iggo, Jonathan A. 
245 1 |a NMR Spectroscopy in Inorganic Chemistry 
250 |a 1.vyd. 
260 |a Oxford  |b Oxford University Press  |c 2004 
300 |a 87 s. 
490 0 |a Oxford Chemistry Primers 83 
650 0 |a NMR spektroskopia - anorganická chémia 
910 |a SCHK95 
919 |a 0-19-855890-2 
999 |c 5556  |d 5556